000 00197 a2200097 4500
020 _a9780679883425
041 _aeng
100 _aBarbara Park
245 _aJunie B.Jones is not aCrook
942 _cBK
999 _c28904
_d28904